Vnímanie reklamy detským spotrebiteľom diplomová práca

Na minha lista:
Detalhes bibliográficos
Autor principal: Šimková, Andrea
Autor Corporativo: Obchodná fakulta EU. Katedra marketingu
Outros Autores: Kopaničová, Janka, 1979-
Formato: Livro
Idioma:eslovaco
Publicado em: Bratislava 2010
Tags: Adicionar Tag
Sem tags, seja o primeiro a adicionar uma tag!

MARC

LEADER 00000nam$a2200000$$$4500
001 0122013
005 20240318123723.1
041 0 |a slo 
044 |a SK 
245 1 0 |a Vnímanie reklamy detským spotrebiteľom  |b diplomová práca  |c Andrea Šimková ; škol. Janka Kopaničová 
264 1 |a Bratislava  |c 2010 
300 |a 69 s. 
100 1 |a Šimková, Andrea 
700 1 |a Kopaničová, Janka, 1979- 
710 2 |a Obchodná fakulta EU. Katedra marketingu